书目信息 |
| 题名: |
领袖在共和国诞生前夜
|
|
| 作者: | 于景森 著 | |
| 分册: | ||
| 出版信息: | 石家庄 河北人民出版社 1999.09 |
|
| 页数: | 440页 | |
| 开本: | 32开 | |
| 丛书名: | ||
| 单 册: | ||
| 中图分类: | K827.7 | |
| 科图分类: | ||
| 主题词: | 人物--传记--中国 | |
| 电子资源: | ||
| ISBN: | 7-202-02570-1 | |
| 000 | 00572nam0 2200193 45 | |
| 001 | 0010271116 | |
| 005 | 20001027110223.0 | |
| 010 | @a7-202-02570-1@d22.00元 | |
| 100 | @a20001027d1999 km y0chiy0120 ea | |
| 101 | 0 | @achi |
| 105 | @a z 000yy | |
| 200 | 1 | @a领袖在共和国诞生前夜@ALing Xiu Zai Gong He Guo Dan Sheng Qian Ye@f于景森著@FYu Jing Sen Zhu |
| 210 | @a石家庄@c河北人民出版社@d1999.09 | |
| 215 | @a440页@d32开 | |
| 606 | 0 | @a人物@x传记@x中国 |
| 690 | @aK827.7@v3 | |
| 701 | 0 | @a于景森@4著 |
| 801 | @aCN@bPftUser@c20001027 | |
| 905 | @b193130-132@dK827.7@eY759@f3 | |
| 领袖在共和国诞生前夜/于景森著.-石家庄:河北人民出版社,1999.09 |
| 440页;32开 |
| ISBN 7-202-02570-1:22.00元 |
| ● |
| 相关链接 |
|
|
|
正题名:领袖在共和国诞生前夜
索取号:K827.7/Y759
 
预约/预借
| 序号 | 登录号 | 条形码 | 馆藏地/架位号 | 状态 | 备注 |
| 1 | 193130 | 201931302 | 社科库309/309社科库 59排7列2层/ [索取号:K827.7/Y759] | 在馆 | |
| 2 | 193131 | 201931311 | 社科库309/309社科库 59排7列2层/ [索取号:K827.7/Y759] | 在馆 | |
| 3 | 193132 | 201931320 | 社科库309/309社科库 59排7列2层/ [索取号:K827.7/Y759] | 在馆 |